000 00273nam a22001217a 4500
008 170414b xxu||||| |||| 00| 0 eng d
041 _aeng
080 _a618
100 _a10
101 _aSHM
245 _aNEW EGHLAND JOURNAL MEDUCINE
_cMENNELA.J.A
942 _2udc
_cBK
999 _c10865
_d10865